|
|
|
|
| LEADER |
02555nam a2200613 a 4500 |
| 001 |
nkc20142568791 |
| 003 |
CZ PrNK |
| 005 |
20140526102438.0 |
| 007 |
ta |
| 008 |
140430s2014 xr f 100 0ccze |
| 015 |
|
|
|a cnb002568791
|
| 020 |
|
|
|a 978-80-260-5778-9
|q (brož.)
|
| 035 |
|
|
|a (OCoLC)880868697
|
| 040 |
|
|
|a ABA001
|b cze
|
| 043 |
|
|
|a e-xr---
|
| 045 |
|
|
|a x-x-
|
| 072 |
|
7 |
|a 27
|x Křesťanství. Křesťanská církev všeobecně. Eklesiologie
|2 Konspekt
|9 5
|
| 072 |
|
7 |
|a 929
|x Biografie
|2 Konspekt
|9 8
|
| 080 |
|
|
|a 271.4/273.2-726.6
|2 MRF
|
| 080 |
|
|
|a 27-4-051
|2 MRF
|
| 080 |
|
|
|a 316.344.32
|2 MRF
|
| 080 |
|
|
|a 929
|2 MRF
|
| 080 |
|
|
|a 27-662:3
|2 MRF
|
| 080 |
|
|
|a 322:27-67
|2 MRF
|
| 080 |
|
|
|a 316.344.7
|2 MRF
|
| 080 |
|
|
|a (437.3)
|2 MRF
|
| 080 |
|
|
|a (062.534)
|2 MRF
|
| 111 |
2 |
|
|a Od Josefa Floriana k Rio Preisnerovi (konference)
|d (2013 :
|c Plzeň, Česko)
|7 kn20140515001
|
| 245 |
1 |
0 |
|a Od Josefa Floriana k Rio Preisnerovi :
|b inspirativní katolické osobnosti mimo hlavní proud : sborník textů ke konferenci pořádané Knihovnou kardinála Berana 6. prosince 2013 v Plzni
|
| 250 |
|
|
|a Vyd. 1.
|
| 260 |
|
|
|a Plzeň :
|b Knihovna kardinála Berana,
|c 2014
|
| 300 |
|
|
|a 55 s. ;
|c 21 cm
|
| 504 |
|
|
|a Obsahuje bibliografické odkazy
|
| 648 |
|
7 |
|a 20. století
|7 ch460558
|2 czenas
|
| 650 |
0 |
7 |
|a katolíci
|7 ph121544
|z Česko
|y 20. století
|2 czenas
|
| 650 |
0 |
7 |
|a křesťanští aktivisté
|7 ph349448
|z Česko
|y 20. století
|2 czenas
|
| 650 |
0 |
7 |
|a intelektuálové
|7 ph121139
|z Česko
|y 20. století
|2 czenas
|
| 650 |
0 |
7 |
|a křesťanství a společnost
|7 ph138510
|z Česko
|y 20. století
|2 czenas
|
| 650 |
0 |
7 |
|a křesťanství a politika
|7 ph417914
|z Česko
|y 20. století
|2 czenas
|
| 650 |
0 |
7 |
|a marginalizace
|7 ph122636
|z Česko
|y 20. století
|2 czenas
|
| 650 |
0 |
9 |
|a Catholics
|z Czechia
|y 20th century
|2 eczenas
|
| 650 |
0 |
9 |
|a Christian activists
|z Czechia
|y 20th century
|2 eczenas
|
| 650 |
0 |
9 |
|a intellectuals
|z Czechia
|y 20th century
|2 eczenas
|
| 650 |
0 |
9 |
|a Christianity and civilization
|z Czechia
|y 20th century
|2 eczenas
|
| 650 |
0 |
9 |
|a Christianity and politics
|z Czechia
|y 20th century
|2 eczenas
|
| 650 |
0 |
9 |
|a marginalisation
|z Czechia
|y 20th century
|2 eczenas
|
| 655 |
|
7 |
|a sborníky konferencí
|7 fd133333
|2 czenas
|
| 655 |
|
9 |
|a proceedings of conferences
|2 eczenas
|
| 710 |
2 |
|
|a Knihovna kardinála Berana (Plzeň, Česko)
|7 kn20120910016
|
| 910 |
2 |
|
|a BOA001
|b 2-1324.563
|
| 990 |
|
|
|a BK
|
| 995 |
|
|
|a 01
|
| 991 |
|
|
|b 201405
|c NOV
|e n
|
| 996 |
6 |
|
|b 2610591463
|c 2-1324.563
|l MZK
|r Sklad / do 1 hodiny
|n 2
|p p.v.
|w 001422153
|u 000010
|a 1
|e BOA001
|j MZK50
|s P
|